تقسيم مير ا ث (Record no. 167431)
[ view plain ]
| 000 -LEADER | |
|---|---|
| fixed length control field | 00645nam a22001937a 4500 |
| 005 - DATE AND TIME OF LATEST TRANSACTION | |
| control field | 20190902155308.0 |
| 010 ## - LCCN (DPL NO) | |
| LC control number | UR-10422 |
| 020 ## - INTERNATIONAL STANDARD BOOK NUMBER | |
| Terms of availability | 50.00 |
| International Standard Book Number | 8180882233 |
| 035 ## - SYSTEM CONTROL NUMBER | |
| System control number | U-8977 |
| 037 ## - SOURCE OF ACQUISITION | |
| Source of stock number/acquisition | DBAD/PUB |
| Stock number | - |
| 082 ## - DEWEY DECIMAL CLASSIFICATION NUMBER | |
| Classification number | 270 |
| 100 ## - MAIN ENTRY--PERSONAL NAME | |
| Personal name | سيد شو کت علی |
| 245 ## - TITLE STATEMENT | |
| Title | تقسيم مير ا ث |
| Statement of responsibility, etc | سيد شو کت علی |
| 246 ## - VARYING FORM OF TITLE | |
| Remainder of title | Taqseem Meraas (Urdu) |
| Title proper/short title | by Syed Shaukat Ali |
| 260 ## - PUBLICATION, DISTRIBUTION, ETC. (IMPRINT) | |
| Place of publication, distribution, etc | New Delhi |
| Name of publisher, distributor, etc | Merkazi Maktaba Islami Publishers |
| Date of publication, distribution, etc | 2014 ء |
| 270 ## - ADDRESS | |
| Address | D-307,Dawat Nagar,Abulfazal Enclave,Jamia Ngr. |
| City | New Delhi |
| Postal code | 110025 |
| Telephone number | 26971652 |
| Fax number | - |
| 300 ## - PHYSICAL DESCRIPTION | |
| Extent | 116 ص |
| Dimensions | 22 Cm(Hb) |
| 942 ## - ADDED ENTRY ELEMENTS (KOHA) | |
| Source of classification or shelving scheme | Dewey Decimal Classification |
| Item type | Urdu Bks |
| Classification part | 270 |
| Call number suffix | س ی د |
| Withdrawn status | Lost status | Not for loan | Collection code | Home library | Current library | Date acquired | Source of acquisition | Cost, normal purchase price | Full call number | Barcode | Copy number | Cost, replacement price | Koha item type |
|---|---|---|---|---|---|---|---|---|---|---|---|---|---|
| Not For Loan | Non-fiction | D.B.Act.Division | D.B.Act.Division | 02/09/2019 | DBAD/PUB | 50.00 | 270 س ی د | U-8977 | 1 | 50.00 | Urdu Bks |
